|
|
|
|
| LEADER |
00991naa a2200337 a 4500 |
| 001 |
000059622 |
| 003 |
SVKKK |
| 005 |
20060529091350.0 |
| 008 |
050331c2005 xo e slo |
| FMT |
|
|
|
| 038 |
|
|
|a SVKKK
|
| 040 |
|
|
|a SVKKK
|b slo
|e AACR2
|
| 041 |
0 |
|
|a slo
|b eng
|
| 044 |
|
|
|a xo
|c SK
|
| 080 |
|
|
|a 622(091)
|2 1997
|
| 080 |
|
|
|a 943.76"12/14"
|2 1997
|
| 090 |
|
|
|a III.200559
|
| 100 |
1 |
|
|a Lisková, Henrieta
|4 aut
|
| 245 |
1 |
0 |
|a Odraz politiky panovníckeho dvora na vývoji mesta Banská Bystrica do konca 15. storočia
|c Henrieta Lisková
|
| 504 |
|
|
|a Bibliogr. odkazy
|
| 504 |
|
|
|a Res. angl.
|
| 650 |
0 |
4 |
|a baníctvo
|z Banská Bystrica (Slovensko)
|y stor. 13.-15.
|
| 651 |
|
4 |
|a Banská Bystrica (Slovensko)
|x dejiny
|y stor. 13.-15.
|
| 773 |
0 |
|
|t Annales historici Prešoviensis. Anno 2005
|d Prešov : Universum, 2005
|x 1336-7528
|z 80-89046-27-4
|g S. 99-110
|
| 957 |
|
|
|a 601
|
| 958 |
|
|
|a NB
|
| 974 |
|
|
|a Čr
|
| 992 |
|
|
|a RZB
|
| BAS |
|
|
|
| 852 |
|
|
|a SVKKK
|b BIB
|
| 998 |
|
|
|a BAN
|